| 000 | 00947nam a2200181 a 4500 | ||
|---|---|---|---|
| 001 | 44312 | ||
| 005 | 20230414123620.0 | ||
| 008 | 140415d 000 0 eng d | ||
| 020 | _a0397512147 | ||
| 041 | _aeng | ||
| 082 |
_a616.994 _bCAN |
||
| 245 | 0 | 0 |
_aCANCER : _bPRINCIPLES AND PRACTICE OF ONCOLOGY |
| 250 | _a4ed. | ||
| 260 |
_a[s.l.] : _bJ. B. LIPPINCOTT COMPANY, _c[s.f.] |
||
| 300 |
_a989 _c22 x 8 x 28.2 |
||
| 520 | _aCANCER: PRINCIPIOS Y PRACTICA DE ONCOLOGIA, ES UNA EXCEPCION A LOS DEMAS LIBROS DE MEDICINA Y CIRUGIA; YA QUE DESDE LA PRIMERA EDICION DE ESTE LIBROS HASTA LA ACTUAL, CUARTA EDICION, EL LIBRO DESPUES DE HABER SIDO ESCRITO HA SIDO REVISADO DETENIDAMENTE POR SUS ESCRITORES Y CON ELLO SE TIENE EN NUESTRAS MANOS EL MEJOR LIBRO QUE SE HAYA ESCRITO EN ONCOLOGIA, POR LO QUE EL LIBRO REALMENTE CONTRIBUYE Y HA HECHO UNA DIFERENCIA POSITIVA EN LA VIDA DE LOS PACIENTES CON CANCER ALREDEDOR DEL | ||
| 650 | 1 | 4 |
_aCANCER _xONCOLOGIA |
| 999 |
_c44312 _d44312 |
||